Every Country Owned By The Roman Empire (200 AD) - Statistics

General Stats
  • This quiz has been taken 18 times
  • The average score is 11 of 14
Answer Stats
Hint Answer % Correct
Carthage Tunisia
100%
Thessalonica Greece
94%
Gades Spain
94%
Londinium UK
94%
Alexandria Egypt
88%
Iberia Portugal
88%
Balkans Bosnia
82%
Balkans Croatia
82%
Lugdumum France
82%
Medolanum Italy
82%
Spain- 1500 Morrocco
76%
Africa Libya
71%
Balkans Albania
65%
Anuoch Syria
41%
No matching quizzes found
Score Distribution
Percent of People with Each Score
Percentile by Number Answered
Your Score History
You have not taken this quiz